00666nam a2200241 a 4500001001300000003000900013005001700022008004100039020000900080082001900089100001500108245001200123260004700135300000900182500003500191505001200226650002300238700001500261902000800276942000700284952011800291999001500409nice12345678IN_TiNIC20260116012350.0050524s1994 viza grp 000 0 eng  ac2500a261.00954bTIT aTitus, P J aJustice aVizagbC.O.T.R. Theological Seminaryc1994 a109p aincludes index and biblioraphy2 aIndices aChristianity-India1 aTitus, P J bSRS cBK 001040708StackRoom-aHMIbHMId2007-07-10g25.00l0o261.00954 TITp014959r2007-07-10v25.00w2005-05-24yBK c6716d6716